Urbanisation and environmental quality (Record no. 488282)

MARC details
000 -LEADER
fixed length control field 00778nam a2200265Ia 4500
003 - CONTROL NUMBER IDENTIFIER
control field OSt
005 - DATE AND TIME OF LATEST TRANSACTION
control field 20220925173533.0
008 - FIXED-LENGTH DATA ELEMENTS--GENERAL INFORMATION
fixed length control field 220923b |||||||| |||| 00| 0 eng d
020 ## - INTERNATIONAL STANDARD BOOK NUMBER
International Standard Book Number 0898380804
037 ## - SOURCE OF ACQUISITION
Terms of availability General Book
040 ## - CATALOGING SOURCE
Original cataloging agency RTL
Transcribing agency RTL
Language of cataloging eng
041 ## - LANGUAGE CODE
Source of code eng
Language code of text/sound track or separate title eng
100 ## - MAIN ENTRY--PERSONAL NAME
Personal name Orishimo Isac
9 (RLIN) 244232
245 #0 - TITLE STATEMENT
Title Urbanisation and environmental quality
260 ## - PUBLICATION, DISTRIBUTION, ETC.
Place of publication, distribution, etc. Boston
Name of publisher, distributor, etc. Kluwer Nijhoff
Date of publication, distribution, etc. 1982
300 ## - PHYSICAL DESCRIPTION
Extent xx,180p
Dimensions cm.
490 ## - SERIES STATEMENT
Series statement Studies in Applied Regional Science
500 ## - GENERAL NOTE
General note Bibliography: p 165-70; Appendix chapterwise
650 ## - SUBJECT ADDED ENTRY--TOPICAL TERM
Topical term or geographic name entry element Urban Development
9 (RLIN) 238048
942 ## - ADDED ENTRY ELEMENTS (KOHA)
Classification part Y33:(G:55), M2
Koha item type General Books
Source of classification or shelving scheme Colon Classification (CC)
Holdings
Withdrawn status Lost status Damaged status Not for loan Home library Current library Date acquired Total Checkouts Full call number Barcode Date last seen Price effective from Koha item type
        Ratan Tata Library Ratan Tata Library 2022-09-25   Y33:(G:55) M2 RT0803922 2022-09-25 2022-09-25 General Books
Copyright @ Delhi University Library System